Power system analysis (Record no. 1347)

000 -LEADER
fixed length control field 00590nam a2200229 a 4500
001 - CONTROL NUMBER
control field 1347
003 - CONTROL NUMBER IDENTIFIER
control field BD-DhUET
008 - FIXED-LENGTH DATA ELEMENTS--GENERAL INFORMATION
fixed length control field 931008s1994 nyua 001 0 eng
020 ## - INTERNATIONAL STANDARD BOOK NUMBER
International Standard Book Number 0070585156
020 ## - INTERNATIONAL STANDARD BOOK NUMBER
International Standard Book Number 0071133380
040 ## - CATALOGING SOURCE
Original cataloging agency DLC
Transcribing agency DLC
Modifying agency BD-DhUET
082 00 - DEWEY DECIMAL CLASSIFICATION NUMBER
Classification number 623.19
Item number GRA/1994
100 1# - MAIN ENTRY--PERSONAL NAME
Personal name Grainger, John J.
245 10 - TITLE STATEMENT
Title Power system analysis
250 ## - EDITION STATEMENT
Edition statement 1st ed.
260 ## - PUBLICATION, DISTRIBUTION, ETC. (IMPRINT)
Place of publication, distribution, etc. New York
Name of publisher, distributor, etc. McGraw-Hill
Date of publication, distribution, etc. 1994
300 ## - PHYSICAL DESCRIPTION
Extent xix, 787 p.
Other physical details ill.
504 ## - BIBLIOGRAPHY, ETC. NOTE
Bibliography, etc Includes bibliographies
650 #0 - SUBJECT ADDED ENTRY--TOPICAL TERM
Topical term or geographic name as entry element Electric power systems-Management
700 1# - ADDED ENTRY--PERSONAL NAME
Personal name Stevenson, William D.
942 ## - ADDED ENTRY ELEMENTS (KOHA)
Koha item type General Book
Holdings
Date acquired Koha normalized classification for sorting Copy number Damaged status Lost status Piece designation (barcode) Koha item type Sublocation or collection (holding branch) Source of classification or shelving scheme Koha date last seen Koha full call number Koha date last borrowed Shelving location Koha out on loan Not for loan Withdrawn status Price effective from Koha renewals Koha issues (times borrowed) Location (home branch)
2014-09-03623_000000000000000_19GRA19941  103960General BookCentral Library, BUET 2024-06-01623.19/GRA/19942024-03-04Circulation section   2014-09-03 5Central Library, BUET
2014-09-03623_000000000000000_19GRA19942  103961General BookCentral Library, BUET 2020-01-14623.19/GRA/19942019-05-06Circulation section   2014-09-03 1Central Library, BUET
2014-09-03623_000000000000000_19GRA19943  103962General BookCentral Library, BUET 2025-11-03623.19/GRA/19942025-07-13Circulation section   2014-09-0313Central Library, BUET
2014-09-03623_000000000000000_19GRA19944  103963General BookCentral Library, BUET 2025-04-22623.19/GRA/19942019-10-21Circulation section   2014-09-03 1Central Library, BUET
2014-09-03623_000000000000000_19GRA19945  103964General BookCentral Library, BUET 2023-11-27623.19/GRA/19942023-11-27Circulation section2023-12-11  2014-09-03 1Central Library, BUET
2014-09-03623_000000000000000_19GRA19946  103965General BookCentral Library, BUET 2016-01-26623.19/GRA/1994 Circulation section   2014-09-03  Central Library, BUET
2014-09-03623_000000000000000_19GRA19947  103966General BookCentral Library, BUET 2021-12-13623.19/GRA/19942021-02-13Circulation section   2014-09-0321Central Library, BUET
2014-09-03623_000000000000000_19GRA19948  103967General BookCentral Library, BUET 2022-02-06623.19/GRA/19942022-02-06Circulation section2023-02-06  2014-09-03 2Central Library, BUET
2014-09-03623_000000000000000_19GRA19949  103968General BookCentral Library, BUET 2025-05-03623.19/GRA/19942025-05-03Circulation section2025-05-17  2014-09-03 5Central Library, BUET
2015-06-21623_190000000000000_GRA_199410  89529Reading ItemCentral Library, BUET 2015-06-21623.19/GRA/1994 Reading section   2015-06-21  Central Library, BUET
2015-06-21623_190000000000000_GRA_199411  91138Reading ItemCentral Library, BUET 2015-06-21623.19/GRA/1994 Reading section   2015-06-21  Central Library, BUET
2015-07-02623_190000000000000_GRA_199412  90777Reading ItemCentral Library, BUET 2015-07-02623.19/GRA/1994 Reading section   2015-07-02  Central Library, BUET